Las ciencias sociales: desacuerdos y pluralidad teórica /

Conferencia sobre la diversidad teórica de las ciencias sociales, con base en el concepto de paradigma planteado por Thomas Kuhn. Se concluye que tal noción no aplica para las ciencias sociales, y que es más adecuado hablar de la existencia de interteorías.

محفوظ في:
التفاصيل البيبلوغرافية
المؤلف الرئيسي: Vázquez, Norma Leticia
مؤلفون آخرون: Sargioto, Viviana Beatriz
التنسيق: نص
الموضوعات:
الوسوم: إضافة وسم
لا توجد وسوم, كن أول من يضع وسما على هذه التسجيلة!

MARC

LEADER 00000 a a2200000 04500
001 41383
003
040
100 |a Vázquez, Norma Leticia  
245 |a Las ciencias sociales:   |b desacuerdos y pluralidad teórica /  |c Norma Leticia Vázquez; Viviana Beatriz Sargiotto  
520 |a Conferencia sobre la diversidad teórica de las ciencias sociales, con base en el concepto de paradigma planteado por Thomas Kuhn. Se concluye que tal noción no aplica para las ciencias sociales, y que es más adecuado hablar de la existencia de interteorías.  
590 |a EFU/MAYO2011  
650 |a CIENCIAS SOCIALES  
650 |a TEORIA  
650 |a EPISTEMOLOGIA  
650 |a ARGENTINA  
700 |a Sargioto, Viviana Beatriz  
773 |g páginas 95-100  
999 |c 25295  |d 25295